| 000 | 00850nam a2200289 i 4500 | ||
|---|---|---|---|
| 001 | 47903 | ||
| 003 | ES-MaACL | ||
| 005 | 20230906161647.0 | ||
| 007 | t| | ||
| 008 | 030625s2002 sp ||||0| spa j | ||
| 020 | _a84-666-1007-3 | ||
| 080 | _a355.01 | ||
| 080 | _a32(100)"2000/..." | ||
| 100 | 1 |
_aLévy, Bernard-Henri. _971996 |
|
| 245 | 1 | 0 |
_aReflexiones sobre la guerra, el mal y el fin de la historia / _cBernard-Henri Lévy ; traducción de José Manuel Vidal. |
| 250 | _a1ª ed. | ||
| 260 |
_aBarcelona : _bEdiciones B, _c2002. |
||
| 300 |
_a396 p ; _c23 cm. |
||
| 490 | 1 | _aSine qua non | |
| 650 | 1 | 4 |
_aGuerra. _913173 |
| 650 | 4 |
_aPolítica mundial- _y1995-2005. _916304 |
|
| 700 | 1 |
_aVidal, José Manuel. _9114440 |
|
| 830 | 0 |
_aSine qua non _9180323 |
|
| 852 |
_aES-MaACL _jL-26434 |
||
| 999 |
_c47903 _d47903 |
||